01116nam0a2200241 4500001002400000005001700024010001800041021001900059035002300078035002600101100004100127101000800168102000700176105001800183200024000201210004500441215001600486320005000502606021600552686002600768686001700794700006300811RU\NLR\BIBL_A\01141016520240921110829.0 a9785950008030 aRUb2017-39656 a(RuMoRGB)008898037 a(NLR Aleph) 011410165 a20170619d2017 u y0rusy50 ca0 arus aRU ay zzjz||000zy1 aОрганы государственной власти в Россииeучебное пособие для студентов всех направлений подготовки бакалавриатаfЕ. А. Першина aСтавропольcТЭСЭРАd2017 a134 с.d21 aБиблиогр.: с. 130-134 (69 назв.)1 aОрганы государственной властиjУчебные издания для высших учебных заведенийyРоссийская Федерация3RU\NLR\AUTH\661266442 aХ620.61я73-12rubbk1 aХ620.61я73 1aПершинаbЕ. А.gЕлена Анатольевна